Europe, the world's banker, 1870-1914
Gespeichert in:
| 1. Verfasser: | |
|---|---|
| Format: | Buch |
| Sprache: | Undetermined |
| Veröffentlicht: |
New York
The Norton Library
1964
|
| Schlagworte: | |
| Tags: |
Tag hinzufügen
Keine Tags, Fügen Sie den ersten Tag hinzu!
|
| Thư viện lưu trữ: | Trung tâm Học liệu Trường Đại học Cần Thơ |
|---|
| LEADER | 00506nam a2200181Ia 4500 | ||
|---|---|---|---|
| 001 | CTU_83106 | ||
| 008 | 210402s9999 xx 000 0 und d | ||
| 082 | |a 332.15 | ||
| 082 | |b F299 | ||
| 100 | |a Feis, Herbert | ||
| 245 | 0 | |a Europe, the world's banker, 1870-1914 | |
| 245 | 0 | |c Herbert Feis | |
| 260 | |a New York | ||
| 260 | |b The Norton Library | ||
| 260 | |c 1964 | ||
| 650 | |a International finance,World politics | ||
| 904 | |i QHieu(sửa) | ||
| 980 | |a Trung tâm Học liệu Trường Đại học Cần Thơ | ||